[Event "Lichtenrader Herbst 2017"]
[Site "Berlin"]
[Date "2017.11.03"]
[Round "7.12"]
[White "Feil, Stephan"]
[Black "Brustkern, Juergen"]
[Result "0-1"]
[WhiteElo "2084"]
[BlackElo "2287"]
[PlyCount "60"]
[EventDate "2017.??.??"]

1. e4 c5 2. Nf3 Nc6 3. Bb5 g6 4. Bxc6 bxc6 5. O-O Bg7 6. Re1 Nh6 7. c3 O-O 8.
d4 cxd4 9. cxd4 d5 10. e5 f6 11. exf6 exf6 12. Nbd2 Bg4 13. h3 Bf5 14. Nb3 Nf7
15. Nc5 Qd6 16. Be3 Rab8 17. Qc1 g5 18. b3 Nh8 19. Qa3 Rf7 20. Bd2 Ng6 21. Bb4
Bf8 22. Re3 h5 23. Rae1 g4 24. hxg4 hxg4 25. Nd2 Qf4 26. Re8 Rxe8 27. Rxe8 Qxd4
28. Nf1 Re7 29. Ra8 Re2 30. Ne3 g3 0-1

[Event "Lichtenrader Herbst 2017"]
[Site "Berlin"]
[Date "2017.11.03"]
[Round "7.13"]
[White "Polatel, Ali"]
[Black "Federau, Juergen"]
[Result "0-1"]
[WhiteElo "2268"]
[BlackElo "2113"]
[PlyCount "82"]
[EventDate "2017.??.??"]

1. c4 e5 2. g3 Nc6 3. Nc3 g6 4. Bg2 Bg7 5. e4 d6 6. Nge2 Nge7 7. O-O O-O 8. d3
a6 9. Nd5 h6 10. Be3 Nd4 11. Nxd4 exd4 12. Bd2 c6 13. Nf4 Kh7 14. b4 Bd7 15. c5
dxc5 16. bxc5 b6 17. cxb6 Qxb6 18. Rb1 Qa7 19. h4 Rab8 20. Qc2 c5 21. Rfc1 Rxb1
22. Rxb1 Kg8 23. Ba5 Rb8 24. Rc1 Rc8 25. Qb3 Rb8 26. Qa3 Rc8 27. Kh2 Be5 28.
Ne2 Be6 29. f4 Bg7 30. Rb1 c4 31. Bb6 Qd7 32. e5 Nf5 33. dxc4 Rxc4 34. Rd1 Ra4
35. Qc5 Rxa2 36. Re1 d3 37. Nc3 Rc2 38. Kg1 Bf8 39. Qa5 d2 40. Rd1 Rc1 41. Kh2
Qd3 0-1

[Event "Lichtenrader Herbst 2017"]
[Site "Berlin"]
[Date "2017.11.03"]
[Round "7.14"]
[White "Krueger, Robin-Kevin"]
[Black "Weber, Max"]
[Result "0-1"]
[WhiteElo "1950"]
[BlackElo "2264"]
[PlyCount "70"]
[EventDate "2017.??.??"]

1. e4 c5 2. c3 Nf6 3. e5 Nd5 4. d4 cxd4 5. Nf3 e6 6. cxd4 d6 7. Bc4 Nc6 8. O-O
Be7 9. Re1 O-O 10. exd6 Qxd6 11. Nc3 Nxc3 12. bxc3 b6 13. Ng5 Bxg5 14. Bxg5 Bb7
15. Qg4 Ne7 16. Bxe7 Qxe7 17. d5 e5 18. Rad1 Qd6 19. Qf5 Rfe8 20. Bb5 Re7 21.
Bc6 g6 22. Qe4 f6 23. Qb4 Rd8 24. Bxb7 Rxb7 25. Qb3 Rc7 26. Rd3 Kg7 27. Qa4 Qc5
28. Red1 Qc4 29. Qa3 Qc5 30. Qa4 b5 31. Qa5 Rd6 32. h3 Kf7 33. Rb1 a6 34. a4
Qb6 35. Qb4 Rc4 0-1

[Event "Lichtenrader Herbst 2017"]
[Site "Berlin"]
[Date "2017.11.03"]
[Round "7.15"]
[White "Stigar, Petter"]
[Black "Gorny, Michael"]
[Result "1/2-1/2"]
[WhiteElo "2211"]
[BlackElo "2050"]
[PlyCount "49"]
[EventDate "2017.??.??"]

1. Nf3 Nf6 2. d4 b6 3. g3 Bb7 4. c4 g6 5. Bg2 Bg7 6. O-O O-O 7. Nc3 Ne4 8. Nxe4
Bxe4 9. Be3 c5 10. Qd2 d6 11. Bh6 Nd7 12. Bxg7 Kxg7 13. Rac1 Qc7 14. Rfd1 a6
15. Qe3 Nf6 16. a3 e5 17. dxe5 dxe5 18. Rd2 Rfe8 19. Rcd1 h6 20. Rd6 Bb7 21. h3
Re7 22. Nh4 Bxg2 23. Kxg2 Rae8 24. Nf3 Re6 25. Rxe6 1/2-1/2

[Event "Lichtenrader Herbst 2017"]
[Site "Berlin"]
[Date "2017.11.03"]
[Round "7.16"]
[White "Chan, Kim Yew"]
[Black "Boettcher, Patrick"]
[Result "1-0"]
[WhiteElo "2185"]
[BlackElo "2099"]
[PlyCount "85"]
[EventDate "2017.??.??"]

1. Nf3 Nf6 2. b3 g6 3. Bb2 Bg7 4. g3 b6 5. Bg2 Bb7 6. c4 c5 7. O-O O-O 8. Nc3
d5 9. Nxd5 Nxd5 10. Bxg7 Kxg7 11. cxd5 Qxd5 12. d4 cxd4 13. Qxd4+ Qxd4 14. Nxd4
Bxg2 15. Kxg2 e5 16. Nb5 Na6 17. Rfd1 Nc5 18. b4 Ne6 19. Rd5 a6 20. Nd6 Rfd8
21. Rad1 f6 22. e3 Kf8 23. a4 Ke7 24. Nc4 b5 25. Nb6 Rab8 26. a5 Rxd5 27. Nxd5+
Kf7 28. Nc7 Ke7 29. Rc1 Rd8 30. Nxa6 Rd2 31. Nc5 Rb2 32. Nxe6 Kxe6 33. Ra1 Rc2
34. a6 Rc8 35. Ra5 Ra8 36. g4 h6 37. a7 Kf7 38. Ra6 e4 39. h4 Kg7 40. Kg3 g5
41. h5 Kf7 42. Kg2 Ke7 43. Kf1 1-0

[Event "Lichtenrader Herbst 2017"]
[Site "Berlin"]
[Date "2017.11.03"]
[Round "7.17"]
[White "Moeller, Hendrik"]
[Black "Pueschel, Werner"]
[Result "1-0"]
[WhiteElo "2279"]
[BlackElo "2049"]
[PlyCount "51"]
[EventDate "2017.??.??"]

1. c4 b6 2. Nc3 Bb7 3. e4 g6 4. g3 Bg7 5. Nge2 e6 6. Bg2 Ne7 7. d3 O-O 8. Bg5
h6 9. Be3 Kh7 10. Qd2 c6 11. c5 Na6 12. d4 d6 13. cxd6 Qxd6 14. O-O Rfd8 15.
Rad1 Rac8 16. h4 Qb8 17. h5 c5 18. hxg6+ fxg6 19. d5 exd5 20. exd5 Nf5 21. Nf4
c4 22. Ne6 Rg8 23. Bf4 Be5 24. Bxe5 Qxe5 25. Rfe1 Qb8 26. Ne4 1-0

[Event "Lichtenrader Herbst 2017"]
[Site "Berlin"]
[Date "2017.11.03"]
[Round "7.18"]
[White "Albrecht, Rainer"]
[Black "Farmani Anosheh, Yasha"]
[Result "1/2-1/2"]
[WhiteElo "2067"]
[BlackElo "2194"]
[PlyCount "138"]
[EventDate "2017.??.??"]

1. d4 Nf6 2. Bf4 d5 3. e3 c5 4. c3 Nc6 5. Nd2 e6 6. Ngf3 cxd4 7. exd4 Nh5 8.
Be3 Bd6 9. Ne5 g6 10. Nd3 O-O 11. g3 f5 12. f4 Nf6 13. Nf3 Ne4 14. Be2 b6 15.
Kf1 a5 16. a4 Ba6 17. Kg2 Ra7 18. h4 Qe8 19. Nfe5 Nxe5 20. dxe5 Bc5 21. Bxc5
bxc5 22. Nf2 Bxe2 23. Qxe2 Qc6 24. Nxe4 fxe4 25. Rhe1 Rb7 26. Kh3 Rfb8 27. Ra2
Kg7 28. Qg2 Qa6 29. Qe2 Qb6 30. Qc2 Rd8 31. Re2 Qb3 32. Qxb3 Rxb3 33. Ra1 e3
34. Rd1 d4 35. cxd4 cxd4 36. Kg4 Rd5 37. Kf3 Rb4 38. Rd3 Rxa4 39. b3 Rb4 40.
Rc2 h5 41. Ke4 Kf7 42. Rc7+ Ke8 43. Rc8+ Kd7 44. Rc2 Kd8 45. Kf3 a4 46. bxa4
Rxa4 47. Ke4 Rd7 48. Rb2 Kc8 49. Rdb3 Rc7 50. Kd3 Kd7 51. Rb4 Rc3+ 52. Kxd4
Rxb4+ 53. Rxb4 e2 54. Rb7+ Kc6 55. Rb1 Rxg3 56. Re1 Rf3 57. Ke4 Rf2 58. Ke3 Rh2
59. Rxe2 Rh3+ 60. Ke4 Rxh4 61. Rc2+ Kd7 62. Rg2 Rg4 63. Rxg4 hxg4 64. Ke3 Ke7
65. Kf2 Kf7 66. Kg3 Kg7 67. Kxg4 Kh7 68. Kh4 Kh6 69. Kg4 Kh7 1/2-1/2

[Event "Lichtenrader Herbst 2017"]
[Site "Berlin"]
[Date "2017.11.03"]
[Round "7.19"]
[White "Schnabel, Ralf"]
[Black "Sulayev, Daniel"]
[Result "1-0"]
[WhiteElo "2225"]
[BlackElo "2051"]
[PlyCount "71"]
[EventDate "2017.??.??"]

1. e4 c5 2. Nf3 Nc6 3. d4 cxd4 4. Nxd4 Nf6 5. Nc3 e5 6. Ndb5 d6 7. Nd5 Nxd5 8.
exd5 Nb8 9. c4 a6 10. Nc3 Be7 11. Be2 O-O 12. O-O f5 13. a3 Nd7 14. b4 Bf6 15.
Be3 e4 16. Bd4 Be5 17. c5 Qf6 18. Bxe5 Nxe5 19. Rc1 Bd7 20. Qd2 Rac8 21. c6
bxc6 22. Bxa6 Ra8 23. Bb7 Rxa3 24. dxc6 Bc8 25. Bxc8 Rxc8 26. b5 Nd3 27. Nd5
Qe6 28. Nf4 Qh6 29. g3 Nxc1 30. Qd5+ Kh8 31. Qxf5 Rg8 32. Rxc1 e3 33. fxe3 Ra2
34. h4 g5 35. c7 gxf4 36. c8=Q 1-0

[Event "Lichtenrader Herbst 2017"]
[Site "Berlin"]
[Date "2017.11.03"]
[Round "7.20"]
[White "Behrmann, Joachim"]
[Black "Hiebert, Kenji"]
[Result "0-1"]
[WhiteElo "2228"]
[BlackElo "2017"]
[PlyCount "68"]
[EventDate "2017.??.??"]

1. d4 Nf6 2. c4 e6 3. Nc3 Bb4 4. f3 c5 5. d5 b5 6. e4 O-O 7. Nge2 bxc4 8. Nf4
Ba6 9. Be2 e5 10. Nh3 d6 11. O-O Bxc3 12. bxc3 Qa5 13. Bd2 Nbd7 14. Qc1 Rfb8
15. Nf2 Rb7 16. Nd1 Rab8 17. g4 Nb6 18. h4 Na4 19. Qa3 Qb5 20. Bc1 Qd7 21. Ne3
Bb5 22. Nf5 h5 23. Bg5 Nh7 24. gxh5 Nxg5 25. hxg5 Ba6 26. Bd1 Qd8 27. Qc1 Nb2
28. f4 Nd3 29. Qe3 exf4 30. Rxf4 Nxf4 31. Qxf4 Rb1 32. g6 Qf6 33. gxf7+ Qxf7
34. Qxd6 Rxa1 0-1

[Event "Lichtenrader Herbst 2017"]
[Site "Berlin"]
[Date "2017.11.03"]
[Round "7.21"]
[White "Pfau, Beate"]
[Black "Mcgowan, Daniel"]
[Result "1/2-1/2"]
[WhiteElo "2053"]
[BlackElo "2168"]
[PlyCount "39"]
[EventDate "2017.??.??"]

1. c4 e6 2. g3 Nf6 3. Bg2 d5 4. Nf3 Be7 5. O-O O-O 6. d4 dxc4 7. Ne5 Nc6 8.
Nxc6 bxc6 9. Bxc6 Rb8 10. Nc3 Qd6 11. Bg2 Bb7 12. e4 Qb6 13. Rb1 Rfd8 14. Be3
c5 15. d5 Rbc8 16. Qe2 exd5 17. Nxd5 Nxd5 18. exd5 Bxd5 19. Bxd5 Rxd5 20. Qxc4
1/2-1/2

[Event "Lichtenrader Herbst 2017"]
[Site "Berlin"]
[Date "2017.11.03"]
[Round "7.22"]
[White "Llopis de Aysa, Manuel"]
[Black "Kather, Yannick"]
[Result "1/2-1/2"]
[WhiteElo "2138"]
[BlackElo "2040"]
[PlyCount "81"]
[EventDate "2017.??.??"]

1. d4 Nf6 2. c4 g6 3. Nc3 d5 4. cxd5 Nxd5 5. e4 Nxc3 6. bxc3 Bg7 7. Nf3 c5 8.
Be3 Nc6 9. Qd2 Qa5 10. Rb1 cxd4 11. cxd4 Qxd2+ 12. Kxd2 O-O 13. d5 Rd8 14. Bd3
Ne5 15. Nxe5 Bxe5 16. Ke2 b6 17. f4 Bg7 18. Rhc1 e6 19. Bc4 exd5 20. Bxd5 Ba6+
21. Bc4 Bxc4+ 22. Rxc4 Rd7 23. Rbc1 f6 24. g4 Kf7 25. h4 Bf8 26. g5 Rad8 27.
Rc7 Ba3 28. R1c6 fxg5 29. hxg5 Ke8 30. e5 Rxc7 31. Rxc7 Rd7 32. Rc6 Kd8 33. Rc3
Be7 34. Bc1 Bc5 35. Be3 Be7 36. Rc1 Rc7 37. Kd3 Rxc1 38. Bxc1 Kd7 39. Ke4 Ke6
40. Be3 Ba3 41. Bd4 1/2-1/2

[Event "Lichtenrader Herbst 2017"]
[Site "Berlin"]
[Date "2017.11.03"]
[Round "7.23"]
[White "Gebigke, Martin"]
[Black "Vaisse, Louis"]
[Result "1-0"]
[WhiteElo "2111"]
[BlackElo "1930"]
[PlyCount "93"]
[EventDate "2017.??.??"]

1. d4 Nf6 2. c4 e6 3. Nc3 Bb4 4. e3 O-O 5. Bd3 c6 6. Nf3 d5 7. O-O Nbd7 8. a3
Bd6 9. e4 dxe4 10. Nxe4 Nxe4 11. Bxe4 c5 12. Be3 f5 13. Bc2 b6 14. Qe2 Nf6 15.
dxc5 bxc5 16. Rad1 Qc7 17. Qd2 Rd8 18. Bf4 Ne8 19. Bxd6 Nxd6 20. Qf4 Rb8 21. b3
Bb7 22. Ng5 Qc6 23. f3 Nf7 24. h4 Qb6 25. Nxf7 Kxf7 26. h5 Rxd1 27. Rxd1 Rd8
28. h6 Rxd1+ 29. Bxd1 Qd8 30. Bc2 g5 31. Qe5 Qd4+ 32. Qxd4 cxd4 33. Kf2 Kg6 34.
g4 Kxh6 35. gxf5 exf5 36. Bxf5 Kg7 37. b4 h5 38. b5 Kf6 39. Bd3 Ke5 40. c5 Bd5
41. a4 h4 42. a5 g4 43. fxg4 Kf4 44. Bf1 Kxg4 45. c6 h3 46. c7 Be6 47. a6 1-0

[Event "Lichtenrader Herbst 2017"]
[Site "Berlin"]
[Date "2017.11.03"]
[Round "7.24"]
[White "Vogel, Constantin"]
[Black "Jaeschke, Jens-Uwe"]
[Result "1-0"]
[WhiteElo "1963"]
[BlackElo "2128"]
[PlyCount "49"]
[EventDate "2017.??.??"]

1. c4 e6 2. g3 d5 3. Bg2 Nf6 4. Nf3 Be7 5. O-O O-O 6. b3 c5 7. e3 Nc6 8. Qe2 b6
9. Bb2 Bb7 10. Na3 Qd7 11. Rfd1 Rfd8 12. d4 cxd4 13. exd4 Qe8 14. Ne5 Rac8 15.
Rac1 Qf8 16. Nc2 dxc4 17. bxc4 Na5 18. Bxb7 Nxb7 19. Ne3 Rc7 20. d5 exd5 21.
cxd5 Rxc1 22. Rxc1 Nxd5 23. Nc6 Rd7 24. Nxd5 Rxd5 25. Nxe7+ 1-0

[Event "Lichtenrader Herbst 2017"]
[Site "Berlin"]
[Date "2017.11.03"]
[Round "7.25"]
[White "Hesse, Henrik"]
[Black "Huels, Maximilian"]
[Result "1-0"]
[WhiteElo "2120"]
[BlackElo "1805"]
[PlyCount "59"]
[EventDate "2017.??.??"]

1. c4 e5 2. g3 Nf6 3. Bg2 c6 4. Nf3 e4 5. Nd4 d5 6. d3 dxc4 7. dxe4 Bc5 8. e3
Bg4 9. Qc2 Nbd7 10. h3 Bh5 11. f4 h6 12. Qxc4 Bxd4 13. Qxd4 Nb6 14. Qe5+ Qe7
15. Qxe7+ Kxe7 16. Nc3 Rhd8 17. g4 Bg6 18. Bd2 h5 19. Bf3 h4 20. O-O-O Nc4 21.
Be1 Rxd1+ 22. Bxd1 Nxe4 23. f5 Nxc3 24. Bxc3 Bh7 25. Bxg7 Rd8 26. Bc2 f6 27. g5
Kf7 28. Bxf6 Re8 29. Bc3 Kg8 30. g6 1-0

[Event "Lichtenrader Herbst 2017"]
[Site "Berlin"]
[Date "2017.11.03"]
[Round "7.26"]
[White "Kornitzky, Tino"]
[Black "Krefenstein, Sergej"]
[Result "1-0"]
[WhiteElo "1943"]
[BlackElo "2172"]
[PlyCount "81"]
[EventDate "2017.??.??"]

1. d4 d5 2. c4 e6 3. g3 Nf6 4. Bg2 dxc4 5. Nf3 a6 6. O-O Nbd7 7. Qc2 Rb8 8.
Qxc4 Bd6 9. Rd1 O-O 10. Qc2 Qe7 11. e4 e5 12. Be3 exd4 13. Bxd4 Qxe4 14. Qd2
Qe7 15. Nc3 Nc5 16. Re1 Qd8 17. Rad1 Bf5 18. Qg5 Nd3 19. Nd5 Bg6 20. Nxf6+ Kh8
21. Re3 Be7 22. Nh4 Qxd4 23. Rxe7 gxf6 24. Nxg6+ hxg6 25. Qh6+ Kg8 26. Re3 Qxb2
27. Rexd3 c6 28. g4 Qe2 29. Qh4 Kg7 30. g5 fxg5 31. Qxg5 Rbe8 32. Qd2 Qg4 33.
Qb2+ Kg8 34. Qxb7 Re5 35. Qd7 Re6 36. Kh1 Rfe8 37. Re3 Rxe3 38. Qxg4 Re1+ 39.
Bf1 R8e4 40. Qf3 g5 41. Rxe1 1-0

[Event "Lichtenrader Herbst 2017"]
[Site "Berlin"]
[Date "2017.11.03"]
[Round "7.27"]
[White "Silz, Elisa"]
[Black "Piotrowski, Christopher"]
[Result "1/2-1/2"]
[WhiteElo "1970"]
[BlackElo "2110"]
[PlyCount "56"]
[EventDate "2017.??.??"]

1. d4 Nf6 2. Nf3 e6 3. c4 b6 4. g3 Bb7 5. Bg2 Bb4+ 6. Bd2 c5 7. O-O O-O 8. Nc3
Nc6 9. a3 Bxc3 10. Bxc3 Ne4 11. Qc2 Nxc3 12. Qxc3 Qf6 13. Rfd1 d6 14. Rac1 Rad8
15. b4 e5 16. e3 e4 17. Ne1 Rfe8 18. d5 Qxc3 19. Rxc3 Nb8 20. b5 Nd7 21. Nc2 f5
22. Ne1 g5 23. f4 h6 24. Bf1 Nf6 25. Be2 Kf7 26. Ng2 Rg8 27. Kf2 Ra8 28. Rb1
Ke7 1/2-1/2

[Event "Lichtenrader Herbst 2017"]
[Site "Berlin"]
[Date "2017.11.03"]
[Round "7.28"]
[White "Wierzbicki, Jirawat"]
[Black "Kostanyan, Hakob"]
[Result "1-0"]
[WhiteElo "2101"]
[BlackElo "1857"]
[PlyCount "65"]
[EventDate "2017.??.??"]

1. e4 e5 2. Nf3 Nc6 3. Bc4 Nf6 4. d3 Bc5 5. O-O a6 6. c3 O-O 7. h3 d6 8. Bb3
Ba7 9. Be3 Be6 10. Re1 Ne7 11. Nbd2 Ng6 12. Nf1 h6 13. Ng3 Re8 14. Bc2 d5 15.
exd5 Bxd5 16. Bxa7 Rxa7 17. d4 Bxf3 18. Qxf3 exd4 19. Rxe8+ Qxe8 20. cxd4 Qb5
21. Bb3 Qb4 22. Nf5 Qb6 23. d5 a5 24. d6 a4 25. d7 c5 26. Rd1 Qd8 27. Bc4 b6
28. Qg3 Kf8 29. Qd6+ Kg8 30. Bb5 Nf8 31. Ne7+ Kh7 32. Nc6 Ne4 33. Qd3 1-0

[Event "Lichtenrader Herbst 2017"]
[Site "Berlin"]
[Date "2017.11.03"]
[Round "7.29"]
[White "Dathe, Frederick"]
[Black "Shpati, Ted"]
[Result "1/2-1/2"]
[WhiteElo "1875"]
[BlackElo "2048"]
[PlyCount "91"]
[EventDate "2017.??.??"]

1. Nf3 Nf6 2. g3 e6 3. Bg2 d5 4. O-O Be7 5. d3 O-O 6. Nbd2 c5 7. e4 Nc6 8. c3
Qc7 9. Qe2 b6 10. Re1 Bb7 11. e5 Nd7 12. Nf1 a5 13. h4 b5 14. N1h2 Rfd8 15. h5
h6 16. Ng4 Bf8 17. Bf4 d4 18. cxd4 Nxd4 19. Nxd4 cxd4 20. Rac1 Qb6 21. Bd2 Bxg2
22. Kxg2 Rac8 23. f3 a4 24. Rxc8 Rxc8 25. Rc1 Rxc1 26. Bxc1 Qc6 27. Bf4 Qd5 28.
a3 Qb3 29. Nf2 Nc5 30. g4 Be7 31. Kg3 b4 32. axb4 Qxb4 33. Qd2 Qb5 34. Qc2 Bf8
35. Qd2 Nd7 36. Qe2 Be7 37. Kh3 Bg5 38. Bxg5 hxg5 39. Ne4 Qxe5 40. Qc2 Nf8 41.
Qxa4 f5 42. Nf2 Qe2 43. Kg2 Qxb2 44. gxf5 exf5 45. Qc4+ Kh7 46. Qf7 1/2-1/2

[Event "Lichtenrader Herbst 2017"]
[Site "Berlin"]
[Date "2017.11.03"]
[Round "7.30"]
[White "Cusnariov, Nikolai"]
[Black "Grassi, Fabrizio"]
[Result "1-0"]
[WhiteElo "2099"]
[BlackElo "1842"]
[PlyCount "65"]
[EventDate "2017.??.??"]

1. d4 d5 2. Nf3 Nf6 3. g3 Bf5 4. Bg2 e6 5. O-O Be7 6. c4 c6 7. Nc3 h6 8. Qb3
Qb6 9. c5 Qxb3 10. axb3 O-O 11. b4 a6 12. Bf4 Ne4 13. Ne5 Nxc3 14. bxc3 Rd8 15.
Rfd1 Nd7 16. Nxd7 Rxd7 17. f3 g5 18. Bc1 Rad8 19. Ra2 Bf6 20. e4 dxe4 21. fxe4
Bg6 22. g4 e5 23. Rf1 Bg7 24. d5 cxd5 25. exd5 Bd3 26. d6 e4 27. Ra3 b6 28. Re1
bxc5 29. bxc5 Rc8 30. Be3 Be5 31. Bd4 Bf4 32. Bxe4 Bd2 33. Bxd3 1-0

[Event "Lichtenrader Herbst 2017"]
[Site "Berlin"]
[Date "2017.11.04"]
[Round "8.1"]
[White "Starostits, Ilmars"]
[Black "Kryakvin, Dmitry"]
[Result "1/2-1/2"]
[WhiteElo "2418"]
[BlackElo "2583"]
[PlyCount "137"]
[EventDate "2017.??.??"]

1. d4 Nf6 2. Nf3 c5 3. e3 d5 4. c4 cxd4 5. exd4 Nc6 6. Nc3 Be6 7. c5 g6 8. Qb3
Qc8 9. Bf4 Bg7 10. h3 O-O 11. Rd1 Ne4 12. Bb5 Nxc5 13. dxc5 d4 14. Nd5 Qd8 15.
Bc4 Rc8 16. Bd2 Na5 17. Bxa5 Qxa5+ 18. Nd2 Bxd5 19. Bxd5 Rxc5 20. Bf3 Bh6 21.
Qd3 Re5+ 22. Kf1 Qxa2 23. Bxb7 Rb8 24. Qg3 Bg7 25. Nf3 Qb3 26. Rxd4 Qxb7 27.
Nxe5 Qb5+ 28. Qd3 Bxe5 29. Qxb5 Rxb5 30. Re4 f6 31. b4 Bd6 32. Ke2 f5 33. Rc4
Bxb4 34. g4 Bd6 35. Rd1 Kf7 36. Rc8 a5 37. Rh8 Kg7 38. Ra8 Kf6 39. Rh8 a4 40.
gxf5 gxf5 41. Rxh7 Rb2+ 42. Kf3 Rb3+ 43. Kg2 a3 44. Rh6+ Ke5 45. Rh8 f4 46. h4
f3+ 47. Kh3 Rb2 48. Kg3 Ke4+ 49. Rxd6 exd6 50. Re8+ Kf5 51. Ra8 Rb3 52. Ra5+
Ke4 53. Ra4+ Ke5 54. h5 Kf6 55. Ra7 Kg5 56. Ra5+ Kh6 57. Kg4 Rc3 58. Rd5 Rc6
59. Ra5 Rc3 60. Rd5 Rc4+ 61. Kxf3 Ra4 62. Rxd6+ Kxh5 63. Rd1 Kg5 64. Ke3 Kg4
65. Rg1+ Kf5 66. Ra1 Ke5 67. Kd3 Rf4 68. Kc3 Rxf2 69. Rxa3 1/2-1/2

[Event "Lichtenrader Herbst 2017"]
[Site "Berlin"]
[Date "2017.11.04"]
[Round "8.2"]
[White "Ahmadinia, Ebrahim"]
[Black "Stern, Rene"]
[Result "0-1"]
[WhiteElo "2400"]
[BlackElo "2522"]
[PlyCount "56"]
[EventDate "2017.??.??"]

1. e4 e5 2. Nf3 Nc6 3. Nc3 Nf6 4. d4 exd4 5. Nxd4 Bb4 6. Nxc6 bxc6 7. Bd3 d5 8.
exd5 cxd5 9. O-O O-O 10. h3 Re8 11. Qf3 Rb8 12. Bg5 c6 13. Rad1 Bd6 14. b3 Be5
15. Bf4 Qd6 16. Bxe5 Rxe5 17. Rfe1 Rxe1+ 18. Rxe1 Bd7 19. Qg3 Qxg3 20. fxg3 c5
21. g4 h6 22. Kf2 Kf8 23. Kg3 Re8 24. Rxe8+ Kxe8 25. Kf4 Ke7 26. Bb5 g5+ 27.
Ke5 Be6 28. Bc6 Nxg4+ 0-1

[Event "Lichtenrader Herbst 2017"]
[Site "Berlin"]
[Date "2017.11.04"]
[Round "8.3"]
[White "Lorenz, Sascha"]
[Black "Danin, Alexandre"]
[Result "0-1"]
[WhiteElo "2219"]
[BlackElo "2554"]
[PlyCount "114"]
[EventDate "2017.??.??"]

1. c4 c5 2. Nf3 Nf6 3. Nc3 b6 4. e3 Bb7 5. d4 cxd4 6. exd4 e6 7. Bd3 Be7 8. O-O
O-O 9. d5 Bb4 10. Ne4 h6 11. a3 Bc5 12. Bc2 Nxe4 13. Bxe4 a5 14. Re1 Re8 15.
dxe6 Bxe4 16. exf7+ Kxf7 17. Rxe4 Rxe4 18. Qd5+ Re6 19. Qxa8 Qf6 20. Be3 Qxb2
21. Rd1 Qc2 22. Rc1 Qe4 23. Qxe4 Rxe4 24. Bxc5 bxc5 25. Nd2 Re5 26. f4 Re3 27.
Rb1 Nc6 28. Rb7 Ke6 29. a4 Nd4 30. Kf1 g5 31. fxg5 hxg5 32. h3 Kd6 33. Rb6+ Nc6
34. Rb7 Nd4 35. Rb6+ Nc6 36. Rb7 Ke7 37. Kf2 Rc3 38. Rb5 Ne5 39. Rxa5 Rc2 40.
Ke1 Rxd2 41. Rxc5 Nd3+ 42. Kxd2 Nxc5 43. Ke3 Nxa4 44. Kd4 Kd6 45. g3 Nc5 46. h4
Ne6+ 47. Ke4 gxh4 48. gxh4 Ng7 49. Kf4 Ke6 50. Kg5 Kf7 51. Kf4 Kf6 52. Ke4 Ke6
53. Kf4 d6 54. Kg5 Nf5 55. h5 Ne3 56. h6 Nxc4 57. h7 Ne5 0-1

[Event "Lichtenrader Herbst 2017"]
[Site "Berlin"]
[Date "2017.11.04"]
[Round "8.4"]
[White "Kasparov, Sergey"]
[Black "Biriukov, Nikolai"]
[Result "1-0"]
[WhiteElo "2450"]
[BlackElo "2400"]
[PlyCount "261"]
[EventDate "2017.??.??"]

1. e4 e5 2. Nf3 Nc6 3. Bb5 Nf6 4. d3 Ne7 5. O-O Ng6 6. d4 Nxe4 7. dxe5 Be7 8.
Re1 Nc5 9. Nc3 c6 10. Bc4 O-O 11. a3 a5 12. Be3 Ne6 13. Bxe6 fxe6 14. Ne4 Qc7
15. Bd4 b6 16. Nd6 Bb7 17. Nxb7 Qxb7 18. c4 a4 19. Re3 b5 20. cxb5 c5 21. Bc3
Nf4 22. Qf1 Nd5 23. Ree1 Rfb8 24. Qc4 Qxb5 25. Qg4 Rf8 26. Re4 Qb3 27. h4 Rf5
28. Nd2 Qc2 29. Qd1 Qd3 30. Qf1 Qxf1+ 31. Rxf1 h5 32. g3 Rff8 33. f4 Kh7 34.
Rd1 Kg6 35. Nc4 Rfb8 36. Re2 Rb3 37. Rd3 Kf7 38. Kf2 Ra7 39. Kf3 Rb8 40. Ke4 g6
41. Rc2 Rb3 42. Rc1 Rb8 43. Rcd1 Rb3 44. Kf3 Rb8 45. Be1 Nb6 46. Nxb6 Rxb6 47.
Bc3 Rbb7 48. Ke2 Ke8 49. Kd2 Bd8 50. Kc2 Ba5 51. Re1 Ra8 52. Re4 Bxc3 53. Rxc3
Rab8 54. Rxa4 Rxb2+ 55. Kd3 Rg2 56. Kc4 Rd2 57. Ra6 Rc8 58. Rd6 Rb2 59. Rdd3
Rb1 60. Rb3 Rc1+ 61. Rdc3 Ra1 62. Kb5 c4 63. Rxc4 Rb8+ 64. Ka4 Ra8+ 65. Kb4 Kd8
66. Rcc3 Ra2 67. Kc5 Kc7 68. Kd4+ Kd8 69. Ke3 Ra1 70. Kf3 Rf1+ 71. Ke2 Ra1 72.
Rd3 Ra7 73. Kf3 Rf1+ 74. Ke2 Ra1 75. Kd2 Ra2+ 76. Kc1 Rg2 77. Kb1 Kc7 78. Rdc3+
Kd8 79. Rb8+ Ke7 80. Rb2 Rg1+ 81. Ka2 Re1 82. Rb8 Kf7 83. Rcb3 Ra4 84. R8b7 Rd4
85. Rc3 Ke7 86. Rb4 Rd2+ 87. Rb2 Rd4 88. Kb3 Kd8 89. Ra2 Rb1+ 90. Kc2 Re1 91.
Kb3 Rb1+ 92. Rb2 Re1 93. Rbc2 Rb1+ 94. Ka2 Rg1 95. Rb2 Re1 96. Rb4 Rd2+ 97. Kb3
Ra1 98. Ka4 d6 99. Rb8+ Kd7 100. Rbc8 dxe5 101. fxe5 Rd4+ 102. Kb3 Rb1+ 103.
Kc2 Rb7 104. Rg8 Rb5 105. Rg7+ Kd8 106. Rxg6 Rxe5 107. Rd3 Rxd3 108. Kxd3 Ra5
109. Ke4 Ke7 110. Rg5 Rxa3 111. Kf4 Kf6 112. Rxh5 e5+ 113. Kg4 Ra4+ 114. Kh3
Ra2 115. Rh8 e4 116. Re8 Kf5 117. g4+ Kf4 118. Rf8+ Ke5 119. g5 e3 120. Kg3 Ra1
121. Re8+ Kf5 122. Rxe3 Rg1+ 123. Kh2 Ra1 124. Re8 Kg4 125. g6 Ra2+ 126. Kg1
Ra1+ 127. Kf2 Ra2+ 128. Ke3 Ra1 129. Rh8 Ra7 130. Rh7 Ra8 131. g7 1-0

[Event "Lichtenrader Herbst 2017"]
[Site "Berlin"]
[Date "2017.11.04"]
[Round "8.5"]
[White "Florstedt, Johannes"]
[Black "Malek, Daniel"]
[Result "1/2-1/2"]
[WhiteElo "2243"]
[BlackElo "2405"]
[PlyCount "81"]
[EventDate "2017.??.??"]

1. e4 Nf6 2. e5 Nd5 3. d4 d6 4. Nf3 dxe5 5. Nxe5 c6 6. Be2 Bf5 7. O-O Nd7 8.
Nf3 e6 9. c4 N5f6 10. Nc3 Ne4 11. Bf4 Bd6 12. Bxd6 Nxd6 13. Qb3 Qc7 14. Nh4 Bg6
15. d5 exd5 16. cxd5 c5 17. Nb5 Nxb5 18. Qe3+ Qe5 19. Qxe5+ Nxe5 20. Bxb5+ Kd8
21. Rfe1 a6 22. Bxa6 Rxa6 23. Rxe5 Re8 24. Rxe8+ Kxe8 25. g3 Kd7 26. Ng2 Ra4
27. Ne3 Rd4 28. Rc1 Rd2 29. Nc4 Re2 30. a4 Be4 31. Kf1 Bd3 32. Rc3 Bxc4 33.
Rxc4 Rxb2 34. Rxc5 Kd6 35. Ra5 g6 36. Kg2 h5 37. h4 Ke5 38. Rc5 Kd6 39. Ra5 Ke5
40. Kg1 Kd6 41. Kg2 1/2-1/2

[Event "Lichtenrader Herbst 2017"]
[Site "Berlin"]
[Date "2017.11.04"]
[Round "8.6"]
[White "Schnabel, Ralf"]
[Black "Kalka, Arkadius Georg"]
[Result "1-0"]
[WhiteElo "2225"]
[BlackElo "2329"]
[PlyCount "103"]
[EventDate "2017.??.??"]

1. e4 c5 2. Nf3 d6 3. d4 cxd4 4. Nxd4 Nf6 5. Nc3 g6 6. Be2 Bg7 7. O-O Nc6 8.
Nb3 O-O 9. Bg5 Be6 10. Re1 a6 11. Bf1 b5 12. Nd5 Bxd5 13. exd5 Ne5 14. g3 Re8
15. c3 Nc4 16. Re2 h6 17. Bc1 e5 18. dxe6 fxe6 19. a4 e5 20. Bg2 d5 21. Nd2 Qd6
22. Qb3 Qc5 23. Qc2 e4 24. Nxc4 Qxc4 25. f3 Rac8 26. axb5 axb5 27. Be3 exf3 28.
Bxf3 Ne4 29. Qd1 b4 30. cxb4 Rcd8 31. Qe1 Kh7 32. Ra7 d4 33. Bxh6 Kxh6 34. Rxe4
Rxe4 35. Qxe4 Qc1+ 36. Kg2 Qd2+ 37. Kh3 Bf6 38. Ra6 Rh8 39. Be2 d3 40. Qxd3
Kg7+ 41. Kg2 Rd8 42. Qxd2 Rxd2 43. Kf3 Rxb2 44. b5 g5 45. Ra7+ Kf8 46. h3 Rb4
47. Bd3 Be5 48. Rd7 Rd4 49. Rxd4 Bxd4 50. Kg4 Bf2 51. h4 gxh4 52. Kxh4 1-0

[Event "Lichtenrader Herbst 2017"]
[Site "Berlin"]
[Date "2017.11.04"]
[Round "8.7"]
[White "Barath M"]
[Black "Gebigke, Martin"]
[Result "0-1"]
[WhiteElo "2378"]
[BlackElo "2111"]
[PlyCount "84"]
[EventDate "2017.??.??"]

1. d4 Nf6 2. c4 e6 3. Nc3 Bb4 4. e3 O-O 5. Nge2 c6 6. a3 Ba5 7. g3 d5 8. Bg2
dxc4 9. O-O Nbd7 10. Qa4 b5 11. Qc2 Qb6 12. Rb1 Bb7 13. b4 cxb3 14. Rxb3 a6 15.
e4 e5 16. dxe5 Ng4 17. Bf4 Qc5 18. h3 Ngxe5 19. Be3 Qe7 20. Bc1 Bb6 21. Nd1 c5
22. Nf4 c4 23. Rb1 Nf6 24. Nc3 Bc5 25. Ra1 Rad8 26. Ncd5 Nxd5 27. exd5 Ng6 28.
Rd1 Rd6 29. Nxg6 Rxg6 30. Bf4 Bd6 31. Be4 Bxf4 32. Bxg6 fxg6 33. gxf4 Rxf4 34.
Qc3 Qf7 35. Qe5 Qf8 36. Ra2 h6 37. Re2 Kh7 38. d6 Rf5 39. Qc3 Rf3 40. Re3 Rxf2
41. Rg3 Rh2 42. Rf3 Bxf3 0-1